März-Ereignisse Quiz - Statistiken

Allgemein
  • Dieses Quiz wurde 3.604 mal gespielt
  • Das Durchschnittsergebnis liegt bei 17 aus 31
Antwortstatistiken
Datum Jahr Hinweis Antwort % Korrekt
14. März 2004 Dieser Mann wird als Präsident Russlands wiedergewählt Wladimir Putin
89%
2. März 1946 Ho Chi Minh wird zum Präsidenten dieses Landes gewählt Nordvietnam
82%
20. März 2003 Die USA marschieren in dieses Land ein Irak
80%
15. März 44 v. Chr. Dieser Diktator wird im Senat erstochen Julius Caesar
80%
29. März 2017 Das Vereinigte Königreich beantragt den Austritt aus dieser Union Europäische Union
79%
11. März 2011 Ein Erdbeben der Stärke 9.0 trifft dieses Land Japan
77%
12. März 1938 Der Anschluss. Dieses Land wird von Nazideutschland annektiert Österreich
77%
8. März 1957 Dieser Kanal wird nach einem internationalen Konflikt wiedereröffnet Suezkanal
76%
1. März 1998 Dieser Film wird zum ersten, der 1 Milliarde US-$ einspielt Titanic
75%
19. März 1882 Die Bauarbeiten an der Sagrada Familia beginnen in dieser Stadt (Sie ist bis heute im Bau) Barcelona
74%
13. März 2013 Dieser Papst wird gewählt Franziskus
74%
22. März 1832 Dieser deutsche Dichter stirbt in Weimar J.W. von Goethe
74%
9. März 1848 Der Bundestag legt diese Farbkonstellation als "Bundesfarben" fest Schwarz-Rot-Gold
73%
7. März 1876 Alexander Graham Bell erhält ein Patent für diese Erfindung Telephon
73%
31. März 1889 Dieser Turm, für die Weltausstellung 1889 erbaut, wird offiziell eröffnet Eiffelturm
67%
21. März 1963 Dieses Gefängnis, als "The Rock" bekannt, schließt nach 29 Jahren Alcatraz
62%
4. März 1918 Der erste Ausbruch dieser Pandemie in Amerika Spanische Grippe
60%
18. März 1992 Südafrikaner nehmen ein Referendum an um diese Praktik zu beenden Apartheid
55%
10. März 1998 Dieser Fußballtrainer sagt: "Ich habe fertig" Giovanni Trapattoni
55%
23. März 1919 Dieser Anführer begründet die Faschisten-Bewegung Benito Mussolini
52%
6. März 1869 Dmitri Mendelejew präsentiert dieses System der Russischen Chemischen Gesellschaft Periodensystem
48%
27. März 1998 Diese Droge wird als Heilmittel gegen Impotenz anerkannt Viagra
48%
5. März 1770 Britische Truppen massakrieren fünf Amerikaner in dieser Stadt Boston
40%
30. März 1959 Dieser religiöse Anführer betritt auf der Suche nach Asyl Indien Dalai Lama
34%
3. März 1861 Die Leibeigenschaft wird in diesem Land abgeschafft Russland
22%
25. März 1584 Sir Walter Raleigh wird ein königliches Patent gegeben, um diesen US-Staat zu kolonisieren Virginia
22%
16. März 597 v.Chr. Jerusalem wird von diesem Reich erobert Babylon
18%
26. März 1830 Dieser religiöse Text der Heiligen der Letzten Tage wird veröffentlicht Buch {Mormon}
18%
17. März 1969 Diese Frau wird die erste Premierministerin Israels Golda Meir
18%
24. März 1603 Dieser schottische König wird zum König von England James I.
17%
28. März 1854 Dieser Krieg heizt sich auf, als Großbritannien und Frankreich Russland den Krieg erklären Krimkrieg
15%
Keine übereinstimmenden Quizze gefunden
Verteilung der Resultate
Anzahl Personen mit jedem Resultat
Perzentil nach korrekt beantworteten Fragen
Ihre Resultats-Entwicklung
Sie haben dieses Quiz noch nicht gespielt